| 000 | 005040000a22001690004500 | ||
|---|---|---|---|
| 082 | _a632.1 BHA/CL | ||
| 100 |
_aBHATTACHARYA, T _fAuthor |
||
| 100 |
_aPAL, D K _fAuthor |
||
| 245 | _aCLIMATE CHANGE AND AGRICULTURE | ||
| 260 | _aNEW DELHI, STUDIUM PRESS | ||
| 260 | _c2013 | ||
| 300 | _apages 328 | ||
| 650 | _aIMPACT OF CLIMATE CHANGE | ||
| 650 | _aNATURAL RESOURCES IN RAINFED ECOSYSTEM AND THEIR MANAGEMENT | ||
| 650 | _aTOOLS TO IDENTIFY CLIMATE CHANGE IN SOILS AND ENVIRONMENT | ||
| 942 | _cBK | ||
| 999 |
_c297283 _d297283 |
||